| 000 | 01394cad a22002775a 4500 | ||
|---|---|---|---|
| 001 | L159588 | ||
| 008 | 150416s2017 xxk f 000 0 eng d | ||
| 020 | _a9781783212064 | ||
| 035 | _a(Sirsi) u159588 | ||
| 041 | 0 | _aeng | |
| 050 | 0 | 4 | _a658.404 $2 18 |
| 110 | 2 |
_aRoyal Institution of Chartered Surveyors _94900 |
|
| 245 | 0 | 0 |
_aEmployer's agent _bdesign and build _h[electronic resource] |
| 260 |
_aLondon _bRICS _c2017 |
||
| 300 | _a22p. | ||
| 490 | 0 | _aRICS Guidance Note | |
| 490 | 0 | _aRICS Black Book | |
| 520 | _aThis guidance note is intended for use in conjunction with the JCT Design and Build Contract where an agent will be appointed by the employer to represent him or her. It considers the role and responsibilities of the employer?s agent and other 'non-core' pre-contract activities. It includes definition of employer's agent, commencement of the role, competence, technical ability and experience, and appointment documents/service agreement. Effective from 1st January 2018. | ||
| 650 | 2 | 4 | _aJCT DESIGN AND BUILD CONTRACT 2016 |
| 650 | 2 | 4 | _aEMPLOYERS AGENT |
| 650 | 2 | 4 | _aSERVICE AGREEMENTS |
| 651 | 4 | _aUnited Kingdom | |
| 690 |
_aContracts _96232 |
||
| 856 | 4 | 1 |
_uhttps://www.rics.org/profession-standards/rics-standards-and-guidance/sector-standards/construction-standards/black-book/employers-agent-design-and-build _zAvailable free on RICS.org |
| 942 |
_n0 _2ddc |
||
| 999 |
_c116025 _d116025 |
||